Forest ecology; អេកូឡូស៊ីព្រៃឈើ (Record no. 10173)
[ view plain ]
| 000 -LEADER | |
|---|---|
| fixed length control field | 00261nam a22001097a 4500 |
| 040 ## - CATALOGING SOURCE | |
| Transcribing agency | SK |
| 082 ## - DEWEY DECIMAL CLASSIFICATION NUMBER | |
| Classification number | 574 |
| 100 ## - MAIN ENTRY--AUTHOR NAME | |
| Personal name | បឿយ ផល |
| 245 ## - TITLE STATEMENT | |
| Title | Forest ecology; អេកូឡូស៊ីព្រៃឈើ |
| 260 ## - PUBLICATION, DISTRIBUTION, ETC. (IMPRINT) | |
| Place of publication | RUA |
| Name of publisher | បឿយ |
| Year of publication | 2008 |
| 942 ## - ADDED ENTRY ELEMENTS (KOHA) | |
| Koha item type | សៀវភៅភាសាខ្មែរ |
| 952 ## - LOCATION AND ITEM INFORMATION (KOHA) | |
| Withdrawn status [LOCAL, KOHA] | 0 |
| 952 ## - LOCATION AND ITEM INFORMATION (KOHA) | |
| Withdrawn status [LOCAL, KOHA] | 0 |
| Permanent Location | Date acquired | Koha item type | Lost status | Shelving location | Barcode | Current Location | Full call number |
|---|---|---|---|---|---|---|---|
| Library Block C | 2016-09-21 | សៀវភៅភាសាខ្មែរ | C016 | RUA055759 | Library Block C | 574 បឿយ 2008 C016 Or | |
| Library Block C | 2016-09-21 | សៀវភៅភាសាខ្មែរ | C016 | A00136 | Library Block C | 574 បឿយ 2008 C016 Or |